000
00228nam a2200085Ia 4500
008
200302s9999 xx 000 0 und d
100
_a
Author
245
_a
National Building code of India Group 5
260
_b
Bureau of Indian Standards
999
_c
3051
_d
3051